| 000 | 00824nam a2200121Ia 4500 | ||
|---|---|---|---|
| 008 | 220615s9999||||xx |||||||||||||| ||und|| | ||
| 100 | _aChaib, André Nunes||Fabri, Hélène Ruiz||Venzke, Ingo||Bogdandy. Armin von | ||
| 245 | 0 |
_aInternational Judicial Legitimacy _bNew Voices and Approaches |
|
| 546 | _aEnglish[eng] | ||
| 650 | _aTransnationale Gerichtsbarkeit||Arbitration||Internationale Gerichte||Legitimität von Schiedsgerichten||approaches to international judicial legitimacy||ITLOS||Internationales Recht||Demokratiedefizit||International Court of Justice||international courts||legitimacy and authority of international courts||Schiedsgerichtbarkeit||democratic legitimacy||dispute resolution | ||
| 856 | _uhttps://www.nomos-elibrary.de/10.5771/9783748908661/international-judicial-legitimacy | ||
| 942 | _cEB | ||
| 999 |
_c10252 _d10252 |
||